MARC details
| 000 -LEADER |
| fixed length control field |
01526cam a22003855a 4500 |
| 001 - CONTROL NUMBER |
| control field |
17209376 |
| 005 - DATE AND TIME OF LATEST TRANSACTION |
| control field |
20161004153424.0 |
| 008 - FIXED-LENGTH DATA ELEMENTS--GENERAL INFORMATION |
| fixed length control field |
120313t2012 txuad frb 001 0 eng d |
| 010 ## - LIBRARY OF CONGRESS CONTROL NUMBER |
| LC control number |
2012935369 |
| 020 ## - INTERNATIONAL STANDARD BOOK NUMBER |
| International Standard Book Number |
9781936909445 (v. 1) |
| 020 ## - INTERNATIONAL STANDARD BOOK NUMBER |
| International Standard Book Number |
1936909448 (v. 1) |
| 020 ## - INTERNATIONAL STANDARD BOOK NUMBER |
| International Standard Book Number |
9781936909469 (v. 2) |
| 020 ## - INTERNATIONAL STANDARD BOOK NUMBER |
| International Standard Book Number |
1936909464 (v. 2) |
| 020 ## - INTERNATIONAL STANDARD BOOK NUMBER |
| International Standard Book Number |
9781936909483 (v. 3) |
| 020 ## - INTERNATIONAL STANDARD BOOK NUMBER |
| International Standard Book Number |
1936909480 (v. 3) |
| 035 ## - SYSTEM CONTROL NUMBER |
| System control number |
(OCoLC)ocn793166210 |
| 040 ## - CATALOGING SOURCE |
| Original cataloging agency |
DON |
| Language of cataloging |
eng |
| Transcribing agency |
DON |
| Modifying agency |
TXA |
| -- |
IXA |
| -- |
DLC |
| -- |
EG-ScBUE |
| 082 04 - DEWEY DECIMAL CLASSIFICATION NUMBER |
| Classification number |
622.338 |
| Item number |
PET |
| Edition number |
22 |
| 100 1# - MAIN ENTRY--PERSONAL NAME |
| Personal name |
Peters, E. J. |
| Fuller form of name |
(Ekwere J.) |
| 9 (RLIN) |
41320 |
| 245 10 - TITLE STATEMENT |
| Title |
Advanced petrophysics / |
| Statement of responsibility, etc |
Ekwere J. Peters. |
| 250 ## - EDITION STATEMENT |
| Edition statement |
1st ed. |
| 260 ## - PUBLICATION, DISTRIBUTION, ETC. (IMPRINT) |
| Place of publication, distribution, etc |
Austin : |
| Name of publisher, distributor, etc |
Live Oak Book Company, |
| Date of publication, distribution, etc |
c.2012. |
| 300 ## - PHYSICAL DESCRIPTION |
| Extent |
3 v. : |
| Other physical details |
ill. (some col.), charts ; |
| Dimensions |
28 cm. |
| 504 ## - BIBLIOGRAPHY, ETC. NOTE |
| Bibliography, etc |
Includes bibliographical references and index. |
| 505 0# - FORMATTED CONTENTS NOTE |
| Formatted contents note |
v. 1. Geology, porosity, absolute permeability, heterogeneity, and geostatistics -- v. 2. Dispersion, interfacial phenomena/wettability, capillarity/capillary pressure, relative permeability -- v. 3. Solutions. |
| 530 ## - ADDITIONAL PHYSICAL FORM AVAILABLE NOTE |
| Additional physical form available note |
Issued also as ebooks. |
| 650 #0 - SUBJECT ADDED ENTRY--TOPICAL TERM |
| Topical term or geographic name as entry element |
Petroleum |
| General subdivision |
Geology |
| Form subdivision |
Textbooks. |
| Source of heading or term |
BUEsh |
| 650 #0 - SUBJECT ADDED ENTRY--TOPICAL TERM |
| Topical term or geographic name as entry element |
Petrology |
| Form subdivision |
Textbooks. |
| Source of heading or term |
BUEsh |
| 651 ## - SUBJECT ADDED ENTRY--GEOGRAPHIC NAME |
| Source of heading or term |
BUEsh |
| 653 ## - INDEX TERM--UNCONTROLLED |
| Resource For college |
Engineering, Petroleum |
| Arrived date list |
October2016 |
| 655 ## - INDEX TERM--GENRE/FORM |
| Form subdivision |
Reading book |
| -- |
34232 |
| 740 02 - ADDED ENTRY--UNCONTROLLED RELATED/ANALYTICAL TITLE |
| Uncontrolled related/analytical title |
Geology, porosity, absolute permeability, heterogeneity, and geostatistics. |
| 740 02 - ADDED ENTRY--UNCONTROLLED RELATED/ANALYTICAL TITLE |
| Uncontrolled related/analytical title |
Dispersion, interfacial phenomena/wettability, capillarity/capillary pressure, relative permeability. |
| 942 ## - ADDED ENTRY ELEMENTS (KOHA) |
| Source of classification or shelving scheme |
Dewey Decimal Classification |